00738nam a2200181 i 450000100060000000300090000600500170001500800410003210000340007324501930010726000420030030000210034249000360036365100510039971000470045083000360049785200230053339197ES-MaACL20240221063025.0030227s1918 sp |||| | spa d1 aCambó, Francesc,d1876-194710aConferencia pronunciada por el Excmo. Sr. D. Francesc Cambó i Batlle sobre la política económica de España el día 12 de noviembre de 1918 en el Círculo de la Unión Mercantil. aMadrid : b[s.n.], c1918 (fV. Rico) a19 p. ; c24 cm.1 aSociedad de Economía Nacional 4aEspaña-xPolítica económica-y1902-1931.2 aCírculo de la Unión Mercantil (Madrid)0 aSociedad de Economía Nacional aES-MaACLj1524-F-3